| 000 | 00397nam a22001337a 4500 | ||
|---|---|---|---|
| 020 | _a0811338161 | ||
| 082 |
_a338.2098 _bMIN _cD |
||
| 245 |
_aA mining strategy for latin America and the Caribbean _cThe world bank |
||
| 260 |
_aWashington _bThe world bank _c1996 |
||
| 300 |
_axiii, 108 p. : _bill, ; _c24 cm. |
||
| 526 |
_a0 _b0 _c0 _d338_209800000000000_MIN |
||
| 650 |
_aMCE _9379 |
||
| 942 |
_2ddc _cBK |
||
| 999 |
_c542103 _d542103 |
||